Normal view
MARC view
- DR KANWAR FARAZ AHMED
Entry Personal Name
001 - CONTROL NUMBER
- control field: 72636
003 - CONTROL NUMBER IDENTIFIER
- control field: NUST
005 - DATE AND TIME OF LATEST TRANSACTION
- control field: 20210628204844.0
008 - FIXED-LENGTH DATA ELEMENTS
- fixed length control field: 210628|| aca||aabn | a|a d
040 ## - CATALOGING SOURCE
- Original cataloging agency: NUST
- Transcribing agency: NUST
100 ## - HEADING--PERSONAL NAME
- Personal name: DR KANWAR FARAZ AHMED
670 ## - SOURCE DATA FOUND
- Source citation: Work cat.: (NUST): ARSALAN AKHTER 72635, TH-SOF-0964-OPTIMAL DECISION MAKING FOR MULTI-AGENT PATH PLANNING PROBLEM, 2001
